Matematičeskije voprosy kibernetiki Vyp.1

Enregistré dans:
Détails bibliographiques
Format: Livre
Langue:russe
Publié: Moskva Nauka 1988
Tags: Ajouter un tag
Pas de tags, Soyez le premier à ajouter un tag!

MARC

LEADER 00000nam a2200000 4500
001 c028458
005 20260327080032.2
041 0 |a rus 
044 |a RU 
245 1 0 |a Matematičeskije voprosy kibernetiki  |b Vyp.1  |c Red. S.V. Jablonskij 
264 1 |a Moskva  |b Nauka  |c 1988 
300 |a 247 s.